RFLP mapping of the vernalization (Vrn1) and frost resistance (Fr1) genes on chromosome 5A of wheat (Record no. 67020)

MARC details
000 -LEADER
fixed length control field 00545nam a2200193Ia 4500
100 ## - MAIN ENTRY--AUTHOR NAME
Personal name Galiba G
245 #0 - TITLE STATEMENT
Title RFLP mapping of the vernalization (Vrn1) and frost resistance (Fr1) genes on chromosome 5A of wheat
260 ## - PUBLICATION, DISTRIBUTION, ETC. (IMPRINT)
Name of publisher Theoretical and Applied Genetics
Year of publication 1995
300 ## - PHYSICAL DESCRIPTION
Number of Pages 1174-1179
650 ## - SUBJECT ADDED ENTRY--TOPICAL TERM
Topical Term RFLP mapping
650 ## - SUBJECT ADDED ENTRY--TOPICAL TERM
Topical Term Vernalization response
650 ## - SUBJECT ADDED ENTRY--TOPICAL TERM
Topical Term Wheat
700 ## - ADDED ENTRY--PERSONAL NAME
Personal name Morgounov A
700 ## - ADDED ENTRY--PERSONAL NAME
Personal name Quarrie S A
700 ## - ADDED ENTRY--PERSONAL NAME
Personal name Snape J W
700 ## - ADDED ENTRY--PERSONAL NAME
Personal name Sutka J
942 ## - ADDED ENTRY ELEMENTS (KOHA)
Koha item type Journals
Holdings
Withdrawn status Lost status Damaged status Not for loan Home library Current library Shelving location Date acquired Serial Enumeration / chronology Koha item type
      Journals RRII Library RRII Library RFLP 18/10/1995 Volume 90, Issue 08-Jul Journals